[Event "NED-ch U10"]
[Site "Borne"]
[Date "2013.08.10"]
[Round "12"]
[White "Kaersenhout, Diego"]
[Black "Salomons, Matthijs"]
[Result "1-0"]
[WhiteElo "810"]
[BlackElo "395"]
[PlyCount "73"]
[EventDate "2013.04.??"]
[EventType "swiss"]
[EventRounds "12"]
[EventCountry "NED"]
[SourceTitle "EXT 2015"]
[Source "ChessBase"]
[SourceDate "2014.11.20"]
[SourceVersion "1"]
[SourceVersionDate "2014.11.20"]
[SourceQuality "1"]

1. d4 d5 2. c4 e6 3. Nc3 a6 4. a4 Bd7 5. Qb3 c6 6. Qxb7 a5 7. Qxa8 c5 8. Qb7 cxd4 9. Nb1 Bc6 10. Qb3 dxc4 11. Qxc4 Bd5 12. Qd3 Nc6 13. Bd2 Ne5 14. Qb5+ Nc6 15. Nf3 Bb4 16. g3 Nge7 17. Bg2 0-0 18. 0-0 Na7 19. Qd3 Bxd2 20. Nbxd2 Bxf3 21. exf3 Nec6 22. Nb3 Nb4 23. Qxd4 Nc2 24. Qxd8 Rxd8 25. Rad1 Rxd1 26. Rxd1 h5 27. Rd2 Nb4 28. f4 Nac6 29. Bxc6 Nxc6 30. Nd4 Nxd4 31. Rxd4 f6 32. f5 e5 33. Rd5 Kf7 34. Rxa5 g5 35. fxg6+ Kxg6 36. b4 Kg5 37. b5 1-0